Top 10 Highest State Population Density - Statistics

General Stats
  • This quiz has been taken 22 times
  • The average score is 9 of 10
Answer Stats
Density Answer % Correct
1,070/mi2 Rhode Island
100%
746/mi2 Connecticut
95%
645/mi2 Maryland
95%
1,277/mi2 New Jersey
95%
432/mi2 New York
95%
517/mi2 Delaware
90%
412/mi2 Florida
85%
914/mi2 Massachusetts
85%
292/mi2 Pennsylvania
85%
290/mi2 Ohio
80%
No matching quizzes found
Score Distribution
Percent of People with Each Score
Percentile by Number Answered
Your Score History
You have not taken this quiz